Florentine paintings : fifteenth century / fifteenth century /
Descripción Física:
28 pàg. : il., dib. col. ; 31 cm
Colección:
The Faber Gallery
Otros Autores:
Clark, Kenneth, 1903-1983
Idioma:
English
MARC
| LEADER | 00000cam a2200000 a 4500 | ||
|---|---|---|---|
| 001 | 24865 | ||
| 003 | AGDB | ||
| 005 | 20260324181537.0 | ||
| 008 | 210706r19491945xxka 000 eng c | ||
| 035 | |a (ES-BaCBU).b50769674 | ||
| 040 | |a ES-BaCDA |b cat |c ES-BaCDA | ||
| 041 | |a eng | ||
| 043 | |a e-it--- | ||
| 080 | |a 75.034(45) | ||
| 245 | 1 | 0 | |a Florentine paintings : |b fifteenth century / |c with an introduction and notes by Sir Kenneth Clark |
| 250 | |a [3rd impression] | ||
| 260 | |a London : |b Faber and Faber , |c [1945] | ||
| 300 | |a 28 pàg. : |b il., dib. col. ; |c 31 cm | ||
| 500 | |a Prové del fons Joan Junyer i Pascual (1909-1994) | ||
| 650 | |a Fons Joan Junyer i Pascual (1909-1994) |9 72777 | ||
| 650 | 0 | |a Pintura renaixentista |z Itàlia |9 72616 | |
| 700 | |a Clark, Kenneth, |d 1903-1983 |9 72617 | ||
| 830 | |a The Faber Gallery |9 72618 | ||
| 907 | |a .b50769674 |b 22-01-21 |c 08-08-11 |d 08-08-11 |e m |f a |g - |h eng |i xxk |j 0 |k 1 | ||
| 908 | |a COAC | ||
| 942 | |2 udc |c ARXIU |n 1 | ||
| 952 | |0 0 |1 0 |4 0 |6 F504118 |7 1 |9 98534 |a Arxiu |b Arxiu |d 2025-10-22 |l 0 |o F-504-118 |p 24865 |r 2025-10-22 09:59:54 |w 2025-10-22 |y ARXIU | ||
| 999 | |c 130285 |d 130285 | ||